| 000 | 00340nam a2200133Ia 4500 | ||
|---|---|---|---|
| 005 | 20251222144707.0 | ||
| 008 | 251222s9999||||xx |||||||||||||| ||spa|| | ||
| 082 | _a352/M22 | ||
| 100 | _aVega Carreazo, Rudecindo | ||
| 245 | 0 | _aManual de Gestión Municipal: | |
| 250 | _a2a.ed. | ||
| 264 | _bAsociación Civil Transparencia | ||
| 942 | _cLIB | ||
| 999 |
_c17683 _d17683 |
||